La implantación del impuesto del papel sellado en Indias

Furkejuvvon:
Bibliográfalaš dieđut
Váldodahkki: Martínez de Salinas Alonso, María Luisa (autora)
Materiálatiipa: Girji
Giella:espánnjágiella
Almmustuhtton: Caracas Fuentes para la Historia Colonial de Venezuela 1986
Ráidu:Biblioteca de la Academia Nacional de la Historia, 180
Fáttát:
Fáddágilkorat: Lasit fáddágilkoriid
Eai fáddágilkorat, Lasit vuosttaš fáddágilkora!

MARC

LEADER 00000nam a2200000 a 4500
001 UCR0539
003 CL-VaPUC
008 971205e19860000VE |||||||||||||||||spa|d
082 0 4 |a 343.043  |b MAR  |2 21 
100 |a Martínez de Salinas Alonso, María Luisa  |e autora  |9 590116 
245 1 3 |a La implantación del impuesto del papel sellado en Indias 
300 |a 281 p 
942 |c BK 
945 |d 19971205 00:00:00  |a cmena 
260 |a Caracas  |b Fuentes para la Historia Colonial de Venezuela  |c 1986 
600 0 7 |a FELIPE IV  |2 CL-VaPUC  |9 378349 
650 0 |a Derecho comercial   |9 256340 
650 0 |a Impuestos  |9 255450 
650 7 |a IMPUESTO DE TIMBRE, ESTAMPILLA Y PAPEL SELLADO  |2 CL-VaPUC  |9 384060 
650 0 |a Derecho tributario  |9 258895 
650 0 |a Obligaciones tributarias  |9 383518 
650 0 |a Derecho Indiano  |9 256266 
650 7 |a POLITICA TRIBUTARIA  |2 CL-VaPUC  |9 383580 
650 7 |a HISTORIA ECONOMICA SIGLO 17  |2 CL-VaPUC  |9 396335 
651 0 |a España  |9 254926 
651 0 |a América  |9 255182 
583 |a last modification  |c 19971205 00:00:00  |k Rodrigo Vera 
490 0 |a Biblioteca de la Academia Nacional de la Historia, 180 
999 |c 264041  |d 264039 
952 |0 0  |1 0  |4 0  |6 343_043000000000000_MAR_1986  |7 0  |8 DER_HDC  |9 293623  |a BIBDER  |b BIBDER  |d 2019-11-19  |i 1908545  |o 343.043 MAR 1986  |p 1908545  |r 2023-01-25  |w 2019-11-19  |x Ubicación 4to Piso  |y BK  |z Estos recursos deben solicitarse con anticipación  |k DER